Which Numbers Are In Scientific Notation? - Statistics

General Stats
  • This quiz has been taken 21 times
    14 since last reset
  • The average score is 6 of 13
Answers on the Grid
Answers color-coded by a green-red scale on the quiz's grid according to % correct below.
 
Answer Stats
Answer % Correct
70%
70%
60%
60%
50%
50%
50%
40%
30%
30%
30%
20%
0%
No matching quizzes found
Score Distribution
Percent of People with Each Score
Percentile by Number Answered
Your Score History
You have not taken this quiz since the last reset